Sports Quiz

Random Sports or Clickable Quiz

Ayrton Senna GP wins Quiz Stats

 Plays Quiz not verified by Sporcle

Score 0/41 Timer 05:00
0 Plays Today
% Correct
1985
95.8%
1987
95.8%
1990
95.8%
1992
95.8%
1988
93.8%
1989
93.8%
1991
93.8%
1991
93.8%
1993
93.8%
1993
91.7%
1988
87.5%
1993
87.5%
1986
81.3%
1988
81.3%
1993
79.2%
1987
75%
1988
75%
1989
75%
1990
72.9%
1991
72.9%
1991
72.9%
% Correct
1985
70.8%
1988
70.8%
1991
68.8%
1991
68.8%
1989
66.7%
1990
66.7%
1988
64.6%
1993
64.6%
1988
60.4%
1988
60.4%
1990
60.4%
1990
58.3%
1992
58.3%
1986
56.3%
1991
56.3%
1989
54.2%
1989
52.1%
1992
50%
1990
41.7%
1989
35.4%

You're not logged in!

Compare scores with friends on all Sporcle quizzes.
OR
Log In

Show Comments

Extras

Top Quizzes Today


Score Distribution

Your Account Isn't Verified!

In order to create a playlist on Sporcle, you need to verify the email address you used during registration. Go to your Sporcle Settings to finish the process.

Report this User

Report this user for behavior that violates our Community Guidelines.

Details: